| 000 | 00885nas a2200253 4500 | ||
|---|---|---|---|
| 001 | BR7900431 | ||
| 003 | BR-BrBNA | ||
| 005 | 20231205083617.0 | ||
| 007 | ta | ||
| 008 | 230509b bl.|||p| |||| 00| 00por d | ||
| 040 |
_aBR-BrBNA _bpor _cBiblioteca Nacional de Agricultura |
||
| 041 | _a(Pt) | ||
| 072 | _aH60 | ||
| 100 | 1 | _aDeuber, R. | |
| 100 | 1 | _aForster, R. (Instituto Agronomico, Campinas, SP (Brazil)) | |
| 245 | 1 | _aControle de Sorghum halepense (L.)Pers. com aplicacoes de glifosato de dalapon em rebrotas com diferentes alturas [erva daninha, capim macambara, controle quimico] | |
| 650 | _aERVA DANINHA | ||
| 650 | _aCAPIM MASSAMBARA | ||
| 650 | _aGRAMINEA | ||
| 650 | _aCONTROLE QUIMICO | ||
| 773 | 0 |
_tRevista de Agricultura (Brazil) _xISSN 0034-7655 _g(Jun 1978), v. 53(1-2) p. 6-12 _wBR7900431 |
|
| 909 |
_a202311 _bLúcia _c55 _dLúcia Elande |
||
| 942 |
_2AGRIS _n0 _cANA |
||
| 999 |
_c100031 _d100031 |
||